| 000 | 00492nam a2200193Ia 4500 | ||
|---|---|---|---|
| 003 | 0OSt | ||
| 005 | 20260209123702.0 | ||
| 008 | 240810s9999 xx 000 0 und d | ||
| 020 | _aS/N | ||
| 040 |
_aBiblioteca Geral-Universidade LusÃada de Angola _cBULA |
||
| 082 |
_m9(1) _a32 |
||
| 100 | _aJONATHANS SWIFT | ||
| 245 | 0 | _aAs Viagens de Gulliver | |
| 260 |
_aLuanda _bEdicoes tempo _c1986. |
||
| 300 | _a272p | ||
| 650 | _aPolitica | ||
| 700 | _aJonathans Swift | ||
| 942 |
_cLivros _2ddc |
||
| 999 |
_c594 _d594 |
||